| 000 | 01574nam0a2200301 4500 | ||
|---|---|---|---|
| 001 | RU\NLR\bibl\2048520 | ||
| 005 | 20260408103659.0 | ||
| 035 | _a(NLR Aleph) 002035620 | ||
| 090 |
_a4571407 _c4571407 |
||
| 100 | _a20130628d1979 |||y0rusy50 ca | ||
| 101 | 0 | _arus | |
| 102 | _aRU | ||
| 105 | _ay ||||||||| | ||
| 200 | 1 |
_aТеатральная жизнь Ленинграда: социологический анализ (1973-1979 гг.) _e[свод основных научно-практических документов] _fВсерос. театр. о-во, Ленингр. отд-ние, Исслед. гр. "Социология и театр" |
|
| 210 |
_aЛенинград _c[б. и.] _d1979 |
||
| 215 |
_aРазд. паг. _d21 |
||
| 606 | 1 |
_aТеатральная жизнь _yЛенинград, город _z1973 - 1979 _92153188 _3RU\NLR\auth\661601240 |
|
| 606 | 1 |
_aТеатр русский советский _9907811 _3RU\NLR\auth\6611288 |
|
| 606 | 1 |
_aТеатр _xСоциологические исследования _91535942 _3RU\NLR\auth\66970546 |
|
| 686 | _aЩ333(2Р=Рус)7 | ||
| 686 | _aЩ333(2Р=Рус)7-692Санкт-Петербург | ||
| 686 | _aС550.564 | ||
| 712 | 0 | 2 |
_4570 _aВсероссийское театральное общество _bЛенинградское отделение _bИсследовательская группа "Социология и театр" _3RU\NLR\AUTH\8810243090 _9372029 |
| 801 | 0 |
_aRU _bNLR _c20130628 _gRCR |
|
| 801 | 1 |
_aRU _bNLR _c20130628 |
|
| 942 | _cBOOK | ||
| 980 | _aNB | ||